Statistiques concernant Pokémon - Tous les Pokémon (Troisième génération)

Cliquez ici pour prendre le quiz!

Statistiques générales

  • Ce quiz a été pris 21 fois
  • Le résultat moyen est 78 sur 135

Statistiques - réponses

NuméroPokémon% Correct
257Braségali
100%
383Groudon
100%
382Kyogre
100%
260Laggron
100%
264Linéon
100%
252Arcko
92%
386Deoxys
92%
259Flobio
92%
256Galifeu
92%
258Gobou
92%
254Jungko
92%
253Massko
92%
255Poussifeu
92%
263Zigzaton
92%
266Armulys
83%
268Blindalys
83%
267Charmillon
83%
265Chenipotte
83%
282Gardevoir
83%
262Grahyéna
83%
277Hélédelle
83%
281Kirlia
83%
261Médhyéna
83%
276Nirondelle
83%
269Papinox
83%
384Rayquaza
83%
280Tarsal
83%
354Branette
75%
323Camérupt
75%
318Carvanha
75%
322Chamallot
75%
385Jirachi
75%
380Latias
75%
381Latios
75%
376Métalosse
75%
375Métang
75%
353Polichombr
75%
378Regice
75%
377Regirock
75%
379Registeel
75%
337Séléroc
75%
319Sharpedo
75%
338Solaroc
75%
334Altaria
67%
279Bekipan
67%
324Chartor
67%
278Goélise
67%
297Hariyama
67%
289Monaflémit
67%
287Parécool
67%
302Ténéfix
67%
374Terhal
67%
333Tylton
67%
320Wailmer
67%
321Wailord
67%
359Absol
58%
366Coquiperl
58%
371Draby
58%
372Drackhaus
58%
373Drattak
58%
309Dynavolt
58%
341Ecrapince
58%
310Elecsprint
58%
305Galégon
58%
304Galékid
58%
306Galéking
58%
271Lombre
58%
272Ludicolo
58%
296Makuhita
58%
335Mangriff
58%
270Nénupiot
58%
274Pifeuil
58%
368Rosabyss
58%
315Rosélia
58%
367Serpang
58%
336Séviper
58%
361Stalgamin
58%
299Tarinor
58%
275Tengalice
58%
357Tropius
58%
288Vigoroth
58%
285Balignon
50%
349Barpau
50%
286Chapignon
50%
308Charmina
50%
342Colhomard
50%
273Grainipiot
50%
328Kraknoix
50%
330Libégon
50%
314Lumivole
50%
350Milobellus
50%
313Muciole
50%
311Posipi
50%
329Vibraninf
50%
295Brouhabam
42%
293Chuchmur
42%
301Delcatty
42%
365Kaimorse
42%
307Méditikka
42%
312Négapi
42%
363Obalie
42%
364Phogleur
42%
294Ramboum
42%
300Skitty
42%
283Arakdo
33%
348Armaldo
33%
317Avaltout
33%
343Balbuto
33%
332Cacturne
33%
316Gloupti
33%
344Kaorine
33%
345Lilia
33%
284Maskadra
33%
369Relicanth
33%
355Skélénox
33%
327Spinda
33%
356Téraclope
33%
346Vacilys
33%
347Anorith
25%
298Azurill
25%
358Eoko
25%
326Groret
25%
351Morphéo
25%
303Mysdibule
25%
362Onigali
25%
325Spoink
25%
340Barbicha
17%
339Barloche
17%
352Kecleon
17%
370Lovdisc
17%
292Munja
17%
290Ningale
17%
291Ninjask
17%
360Okéoké
17%
331Cacanea
0%

Distribution des résultats

Percentile par nombre de réponses

% des personnes avec chaque résultat

Votre développement - résultats

Vous n’avez pas pris ce quiz